Armes de l'armée de terre par images - Statistiques

Statistiques générales
  • Ce quiz a été pris 693 fois
  • Le résultat moyen est 2 sur 13
Statistiques - réponses
Par images Réponse % Correct
Glock-17
93%
HK-416 F
34%
FAMAS
29%
Minimi
25%
MAG 58
13%
SCAR H PR
9%
AT4 cs
8%
ERYX
6%
Browning M2HB
1%
NATO F1
1%
nerod-f5-5
1%
nerod fr
1%
PGM (12,7mm)
0%
Aucun quiz correspondant
Distribution des résultats
% des personnes avec chaque résultat
Percentile par nombre de réponses
Votre historique - résultats
Vous n’avez pas pris ce quiz